Statistiques concernant Harry Potter: l'Amortentia

Cliquez ici pour prendre le quiz!

Statistiques générales

  • Ce quiz a été pris 34 fois
  • Le résultat moyen est 6 sur 9

Statistiques - réponses

InformationRéponse% Correct
Personne qui en a sentiHermione Granger
93%
Odeur sentieHerbe fraichement coupée, parchemin et cheveux de Ron
89%
Personne qui en a sentiHarry Potter
85%
Préparateur connuHorace Slughorn
85%
Première apparitionHarry Potter et le Prince de Sang-Mêlé
70%
Derniere apparitionHarry Potter et le Prince de Sang-Mêlé
70%
Odeur sentieTarte à la mélasse, bois de manche de balai et parfum de Ginny
67%
EffetsPhiltre d'amour le plus puissant du monde
63%
DifficultéNiveau avancé
26%

Distribution des résultats

Percentile par nombre de réponses

% des personnes avec chaque résultat

Votre développement - résultats

Vous n’avez pas pris ce quiz